[Event "TCh-FRA Top 12 2017"]
[Site "Chartres FRA"]
[Date "2017.05.23"]
[Round "6.5"]
[Board "8"]
[White "Steil-Antoni, Fiona"]
[Black "Vitoux, Colomban"]
[Result "1/2-1/2"]
[WhiteTitle "WIM"]
[BlackTitle "IM"]
[WhiteElo "2155"]
[BlackElo "2382"]
[WhiteTeam "VANDOEUVRE Echecs"]
[BlackTeam "C.E. STRASBOURG"]
[WhiteFideId "4001249"]
[BlackFideId "628549"]
[EventDate "2017.05.18"]

1. e4 c5 2. c3 e6 3. d4 d5 4. exd5 exd5 5. Bd3 Nf6 6. h3 Be7 7. Nf3 O-O 8. O-O
Nc6 9. Be3 c4 10. Bc2 b5 11. Re1 Be6 12. Nbd2 Qc7 13. Ne5 Nxe5 14. dxe5 Qxe5 15.
Bxa7 Qh5 16. Bd4 b4 17. Nf3 Nd7 18. Re3 bxc3 19. bxc3 Bd6 20. Qe1 Bf4 21. Rxe6
fxe6 22. Qxe6+ Qf7 23. Qg4 g6 24. h4 Ne5 25. Bxe5 Bxe5 26. Nxe5 Qxf2+ 27. Kh1
Qxc2 28. Qe6+ Kh8 29. Nf7+ Kg7 30. Ng5 Qf5 31. Qe7+ Rf7 32. Nxf7 Qxf7 33. Qe5+
Qf6 34. Qxd5 Qxh4+ 35. Kg1 Rd8 36. Qe5+ Kh6 37. Rf1 Qg5 38. Qh2+ Qh5 39. Qf4+
Qg5 40. Qh2+ Qh5 41. Qf4+ 1/2-1/2

[Event "TCh-FRA Top 12 2017"]
[Site "Chartres FRA"]
[Date "2017.05.23"]
[Round "6.6"]
[Board "1"]
[White "Duda, Jan-Krzysztof"]
[Black "Wojtaszek, Radoslaw"]
[Result "1/2-1/2"]
[WhiteTitle "GM"]
[BlackTitle "GM"]
[WhiteElo "2693"]
[BlackElo "2734"]
[WhiteTeam "C.E. de BOIS COLOMBES"]
[BlackTeam "CLICHY Echecs 92"]
[WhiteFideId "1170546"]
[BlackFideId "1118358"]
[EventDate "2017.05.18"]

1. c4 Nf6 2. Nc3 e5 3. g3 Bb4 4. Bg2 O-O 5. Nf3 d6 6. O-O Nc6 7. Nd5 Bc5 8. d3
Nxd5 9. cxd5 Nd4 10. Nxd4 Bxd4 11. e3 Bb6 12. Bd2 Bd7 13. Rc1 a5 14. Bc3 f5 15.
Kh1 Qe7 16. Qd2 a4 17. Rce1 Rae8 18. Ba5 Bxa5 19. Qxa5 Qd8 20. f4 c5 21. Qxd8
Rxd8 22. fxe5 dxe5 23. e4 fxe4 24. Bxe4 Rf6 25. Kg2 Rdf8 26. Bf3 Bh3+ 27. Kxh3
Rxf3 28. Rxf3 Rxf3 29. Rxe5 Rxd3 30. Re8+ Kf7 31. Rb8 Rxd5 32. Rxb7+ Kf6 33. b3
Rd2 34. bxa4 Rxa2 35. Rc7 Rxa4 36. Rxc5 1/2-1/2

[Event "TCh-FRA Top 12 2017"]
[Site "Chartres FRA"]
[Date "2017.05.23"]
[Round "6.6"]
[Board "2"]
[White "Tregubov, Pavel V."]
[Black "Miton, Kamil"]
[Result "1/2-1/2"]
[WhiteTitle "GM"]
[BlackTitle "GM"]
[WhiteElo "2584"]
[BlackElo "2618"]
[WhiteTeam "CLICHY Echecs 92"]
[BlackTeam "C.E. de BOIS COLOMBES"]
[WhiteFideId "4115341"]
[BlackFideId "1111914"]
[EventDate "2017.05.18"]

1. d4 f5 2. g3 Nf6 3. Bg2 g6 4. Nf3 Bg7 5. O-O O-O 6. c4 d6 7. Nc3 c6 8. b3 Na6
9. Bb2 Rb8 10. Rc1 Bd7 11. d5 Nc7 12. Qd2 c5 13. e4 fxe4 14. Ng5 b5 15. cxb5
Nxb5 16. Nxb5 Rxb5 17. Nxe4 Nxe4 18. Bxe4 Bxb2 19. Qxb2 Rf7 20. Rfe1 Qf8 21. Re3
a5 22. Qe2 a4 23. h4 Qg7 24. Re1 axb3 25. axb3 Ra5 26. h5 Ra1 27. hxg6 Rxe1+ 28.
Qxe1 hxg6 29. Qb1 g5 30. b4 cxb4 31. Qxb4 Qf6 32. Re2 Qa1+ 33. Re1 Qf6 34. Re2
Qa1+ 35. Re1 Qf6 36. Re2 1/2-1/2

[Event "TCh-FRA Top 12 2017"]
[Site "Chartres FRA"]
[Date "2017.05.23"]
[Round "6.6"]
[Board "3"]
[White "Shoker, Samy"]
[Black "Fressinet, Laurent"]
[Result "1/2-1/2"]
[WhiteTitle "GM"]
[BlackTitle "GM"]
[WhiteElo "2498"]
[BlackElo "2668"]
[WhiteTeam "C.E. de BOIS COLOMBES"]
[BlackTeam "CLICHY Echecs 92"]
[WhiteFideId "627143"]
[BlackFideId "608742"]
[EventDate "2017.05.18"]

1. Nf3 d5 2. g3 g6 3. Bg2 Bg7 4. O-O e5 5. c4 c6 6. Qa4 d4 7. d3 Ne7 8. Nbd2 O-O
9. b4 Nd7 10. Rb1 a6 11. Qc2 Nf5 12. c5 Re8 13. Nc4 Rb8 14. e4 dxe3 15. fxe3 Nf6
16. e4 Nd4 17. Nxd4 Qxd4+ 18. Kh1 Qd8 19. Bb2 Ng4 20. h3 Nh6 21. Rbd1 Qg5 22. g4
Qe7 23. Bc1 g5 24. Be3 Be6 25. Nd6 Red8 26. a4 f6 27. d4 exd4 28. Bxd4 Nf7 29.
Nf5 Bxf5 30. exf5 Ne5 31. b5 axb5 32. axb5 Kh8 33. Qb3 Bf8 34. Rfe1 Rxd4 35.
Rxd4 Qxc5 36. Red1 Re8 37. bxc6 bxc6 38. R4d2 Qe7 39. Qa4 Rc8 40. Qa6 Rc7 41.
Rd8 Kg7 42. Ra8 Qc5 43. Qa2 Re7 44. Qb2 Nd3 45. Qb8 Re1+ 46. Rxe1 Nf2+ 47. Kg1
Nxg4+ 48. Kh1 Nf2+ 49. Kg1 Ng4+ 50. Kh1 Nf2+ 51. Kg1 1/2-1/2

[Event "TCh-FRA Top 12 2017"]
[Site "Chartres FRA"]
[Date "2017.05.23"]
[Round "6.6"]
[Board "4"]
[White "Van Foreest, Jorden"]
[Black "Vernay, Clovis"]
[Result "1/2-1/2"]
[WhiteTitle "GM"]
[BlackTitle "IM"]
[WhiteElo "2595"]
[BlackElo "2501"]
[WhiteTeam "CLICHY Echecs 92"]
[BlackTeam "C.E. de BOIS COLOMBES"]
[WhiteFideId "1039784"]
[BlackFideId "633046"]
[EventDate "2017.05.18"]

1. Nf3 d5 2. g3 Bg4 3. Bg2 Nd7 4. c4 c6 5. cxd5 cxd5 6. Qa4 Nf6 7. Nc3 Bxf3 8.
Bxf3 e6 9. O-O Be7 10. d4 O-O 11. e3 Nb6 12. Qb3 Qd7 13. Rd1 Rfc8 14. Bd2 Nc4
15. Be1 Rc6 16. Qc2 Rac8 17. Rac1 h6 18. h4 R6c7 19. Qb1 Bb4 20. Qa1 b5 21. Be2
a5 22. a3 Bxc3 23. Bxc3 Ne4 24. Be1 a4 25. Qb1 Qe7 26. Bd3 f5 27. Bb4 Qf6 28. b3
axb3 29. Qxb3 g5 30. hxg5 Qxg5 31. Be1 h5 32. Qxb5 h4 33. Rxc4 dxc4 34. Bxe4 Qg4
35. f3 Qh3 36. Bb7 hxg3 37. Rd2 Rh7 38. f4 Rb8 39. Qxc4 Rhxb7 40. Qxe6+ Kh7 41.
Rg2 Rb1 42. Qf7+ Kh8 43. Qf6+ Kh7 44. Qf7+ 1/2-1/2

[Event "TCh-FRA Top 12 2017"]
[Site "Chartres FRA"]
[Date "2017.05.23"]
[Round "6.6"]
[Board "5"]
[White "Koziak, Vitali"]
[Black "Van Wely, Loek"]
[Result "1/2-1/2"]
[WhiteTitle "IM"]
[BlackTitle "GM"]
[WhiteElo "2507"]
[BlackElo "2663"]
[WhiteTeam "C.E. de BOIS COLOMBES"]
[BlackTeam "CLICHY Echecs 92"]
[WhiteFideId "14102234"]
[BlackFideId "1000268"]
[EventDate "2017.05.18"]

1. d4 Nf6 2. Nf3 g6 3. g3 Bg7 4. Bg2 d5 5. O-O O-O 6. c3 Nbd7 7. Nbd2 c5 8. dxc5
Nxc5 9. Nb3 Na4 10. Nbd4 Bd7 11. Qb3 Nc5 12. Qa3 Nfe4 13. Nb3 Na4 14. Bf4 Re8
15. Ne5 e6 16. Nxd7 Qxd7 17. Nd2 Nec5 18. Be3 b6 19. Rac1 Rac8 20. Bd4 Bf8 21.
Bxc5 Nxc5 22. c4 d4 23. b4 d3 24. e3 Qa4 25. Qb2 Nd7 26. a3 a5 27. Qd4 Red8 28.
Qxd3 axb4 29. axb4 Nc5 30. Qc2 Qxb4 31. Rfd1 Qa4 32. Bf3 Qxc2 33. Rxc2 f5 34.
Rb1 Rd6 35. Nb3 Nd3 36. Nd4 e5 37. Bd5+ Kg7 38. Rd2 Nc5 39. Nb5 Rd7 40. Nc3 Rb8
41. Rdb2 Ra7 42. Rxb6 Rxb6 43. Rxb6 Ra3 44. Nb5 Ra1+ 45. Kg2 Ra2 46. Nc7 Kh6 47.
Ne6 Be7 48. Nxc5 Bxc5 49. Rb3 e4 50. h4 Kg7 51. g4 fxg4 52. Bxe4 Kf6 53. Bd5 h5
54. Be4 Ra4 55. Bd3 Ra3 56. Rxa3 Bxa3 57. f4 gxf3+ 58. Kxf3 Bc5 59. Bc2 g5 60.
hxg5+ Kxg5 61. Ba4 Kf5 1/2-1/2

[Event "TCh-FRA Top 12 2017"]
[Site "Chartres FRA"]
[Date "2017.05.23"]
[Round "6.6"]
[Board "8"]
[White "Guichard, Pauline"]
[Black "Baldi, Valentine"]
[Result "1-0"]
[WhiteTitle "WGM"]
[WhiteElo "2312"]
[BlackElo "1862"]
[WhiteTeam "CLICHY Echecs 92"]
[BlackTeam "C.E. de BOIS COLOMBES"]
[WhiteFideId "639370"]
[BlackFideId "602817"]
[EventDate "2017.05.18"]

1. d4 d5 2. c4 dxc4 3. e3 Nf6 4. Bxc4 e6 5. Nf3 c5 6. O-O Nc6 7. Re1 Be7 8. e4
O-O 9. e5 Nd5 10. Nc3 Nxd4 11. Nxd4 cxd4 12. Qxd4 Nxc3 13. Qxc3 Bd7 14. Qg3 Re8
15. Bh6 g6 16. Rad1 Qc7 17. Rd4 Bc6 18. Rf4 Bd5 19. Bxd5 exd5 20. Rxf7 Qa5 21.
Rg7+ Kh8 22. Re3 Bf8 23. Rxg6 hxg6 24. Qxg6 Qb6 25. e6 Qxb2 26. Rh3 1-0

[Event "TCh-FRA Top 12 2017"]
[Site "Chartres FRA"]
[Date "2017.05.24"]
[Round "7.1"]
[Board "1"]
[White "Degraeve, Jean-Marc"]
[Black "Baklan, Vladimir"]
[Result "1/2-1/2"]
[WhiteTitle "GM"]
[BlackTitle "GM"]
[WhiteElo "2592"]
[BlackElo "2594"]
[WhiteTeam "Les Tours de Haute Picardie, SAINT QUENTIN"]
[BlackTeam "C.E. STRASBOURG"]
[WhiteFideId "600270"]
[BlackFideId "14102196"]
[EventDate "2017.05.18"]

1. e4 e6 2. d4 d5 3. Nd2 c5 4. Ngf3 cxd4 5. Nxd4 Nf6 6. exd5 Nxd5 7. a3 Be7 8.
N2f3 O-O 9. Bd3 Nc6 10. O-O Nxd4 11. Nxd4 Bf6 12. c3 Bxd4 13. cxd4 Bd7 14. Qh5
f5 15. Bc4 Qb6 16. Rd1 1/2-1/2

[Event "TCh-FRA Top 12 2017"]
[Site "Chartres FRA"]
[Date "2017.05.24"]
[Round "7.1"]
[Board "3"]
[White "Sumets, Andrey"]
[Black "Sebag, Marie"]
[Result "1/2-1/2"]
[WhiteTitle "GM"]
[BlackTitle "GM"]
[WhiteElo "2566"]
[BlackElo "2488"]
[WhiteTeam "Les Tours de Haute Picardie, SAINT QUENTIN"]
[BlackTeam "C.E. STRASBOURG"]
[WhiteFideId "14105500"]
[BlackFideId "617822"]
[EventDate "2017.05.18"]

1. d4 d5 2. c4 c6 3. Nc3 Nf6 4. e3 e6 5. b3 Nbd7 6. Bb2 Bd6 7. Bd3 e5 8. cxd5
cxd5 9. dxe5 Nxe5 10. Bb5+ Nc6 11. Nf3 O-O 12. O-O a6 13. Be2 Be6 14. Rc1 Re8
15. Nd4 Ne5 16. f4 Nc6 17. Nxc6 bxc6 18. Na4 Bd7 19. Bd4 Ne4 20. Bd3 a5 21. Qh5
Rb8 22. Bxe4 Rxe4 23. Nc5 g6 24. Qg5 Qxg5 25. fxg5 Bxc5 26. Rxc5 Ra8 27. a4 Kf8
28. h3 Ke7 29. Kf2 Kd6 30. Ke2 Be6 31. g4 Ra6 32. Kd2 Ra8 33. Kc3 Kc7 34. Kb2
Kd6 35. Ka3 Ra6 36. Rf2 Ra8 37. Rf1 Ra6 38. b4 axb4+ 39. Kxb4 Rb6+ 40. Ka3 Ra6
41. a5 Kc7 42. Ka4 Ra8 43. Rb1 Ra6 44. Kb4 Bd7 45. Rf1 Be6 46. Kc3 Ra8 47. Kd3
Ra6 48. Rb1 Bc8 49. Rf1 Be6 50. Rfc1 Kd6 51. Rb1 Kc7 52. Kc3 1/2-1/2

[Event "TCh-FRA Top 12 2017"]
[Site "Chartres FRA"]
[Date "2017.05.24"]
[Round "7.2"]
[Board "1"]
[White "Solodovnichenko, Yuri"]
[Black "Duda, Jan-Krzysztof"]
[Result "1/2-1/2"]
[WhiteTitle "GM"]
[BlackTitle "GM"]
[WhiteElo "2576"]
[BlackElo "2693"]
[WhiteTeam "VANDOEUVRE Echecs"]
[BlackTeam "C.E. de BOIS COLOMBES"]
[WhiteFideId "14104369"]
[BlackFideId "1170546"]
[EventDate "2017.05.18"]

1. e4 c5 2. Nf3 d6 3. d4 cxd4 4. Nxd4 Nf6 5. Nc3 a6 6. Bg5 e6 7. f4 Qb6 8. Qd2
Qxb2 9. Rb1 Qa3 10. e5 h6 11. Bh4 dxe5 12. fxe5 Nfd7 13. Ne4 Qxa2 14. Rd1 Qb2
15. Qe3 Bc5 16. c3 Qa3 17. Be2 Nc6 18. Nd6+ Bxd6 19. exd6 Qc5 20. O-O O-O 21.
Qe4 e5 22. Bd3 f5 23. Rxf5 Rxf5 24. Qxf5 Nf8 25. Qh5 Nxd4 26. cxd4 Qxd4+ 27. Bf2
Qg4 28. Be2 Qxh5 29. Bxh5 a5 30. Bf3 a4 31. Bg3 Nd7 32. Kf2 Kf8 33. Ke2 Ke8 34.
Kd2 Ra6 35. Kc3 Rb6 36. Rd5 Rb3+ 37. Kc2 b5 38. Be2 Bb7 39. Rxb5 Be4+ 40. Kd2
Bxg2 41. Rxb3 axb3 42. Bb5 Kd8 43. Bxd7 Kxd7 44. Bxe5 g5 45. Kc3 Bd5 46. Bg7 h5
47. Bf6 g4 48. Be7 1/2-1/2

[Event "TCh-FRA Top 12 2017"]
[Site "Chartres FRA"]
[Date "2017.05.24"]
[Round "7.2"]
[Board "3"]
[White "Brunner, Nicolas"]
[Black "Laznicka, Viktor"]
[Result "1/2-1/2"]
[WhiteTitle "IM"]
[BlackTitle "GM"]
[WhiteElo "2459"]
[BlackElo "2672"]
[WhiteTeam "VANDOEUVRE Echecs"]
[BlackTeam "C.E. de BOIS COLOMBES"]
[WhiteFideId "620246"]
[BlackFideId "316385"]
[EventDate "2017.05.18"]

1. d4 d5 2. c4 c6 3. Nf3 Nf6 4. Nc3 dxc4 5. a4 e6 6. e4 Bb4 7. e5 Nd5 8. Bd2 b5
9. axb5 Bxc3 10. bxc3 cxb5 11. Ng5 Bb7 12. h4 Nd7 13. Rh3 N5b6 14. Qb1 h6 15.
Ne4 Bxe4 16. Qxe4 Nd5 17. Rg3 Kf8 18. h5 f5 19. exf6 N7xf6 20. Qxe6 Qe8 21.
Qxe8+ Rxe8+ 22. Kd1 Re7 23. Ra5 Rb7 24. Rf3 Ke7 25. Rf5 Rd8 26. Kc2 Rd6 27. Be2
a6 28. f4 Kd7 29. Bf3 Rbb6 1/2-1/2

[Event "TCh-FRA Top 12 2017"]
[Site "Chartres FRA"]
[Date "2017.05.24"]
[Round "7.2"]
[Board "5"]
[White "Bailet, Pierre"]
[Black "Shoker, Samy"]
[Result "1/2-1/2"]
[WhiteTitle "IM"]
[BlackTitle "GM"]
[WhiteElo "2519"]
[BlackElo "2498"]
[WhiteTeam "VANDOEUVRE Echecs"]
[BlackTeam "C.E. de BOIS COLOMBES"]
[WhiteFideId "655830"]
[BlackFideId "627143"]
[EventDate "2017.05.18"]

1. e4 g6 2. d4 Bg7 3. Nf3 d6 4. Nc3 a6 5. a4 Nc6 6. h3 Nf6 7. Be2 O-O 8. O-O e5
9. d5 Ne7 10. Nd2 Nd7 11. Nc4 f5 12. exf5 gxf5 13. f4 exf4 14. Bxf4 Ng6 15. Be3
Qh4 16. Qe1 Qxe1 17. Raxe1 Nde5 18. Nxe5 Bxe5 19. Bd3 f4 20. Bd2 Bd7 21. b3 f3
22. Rxf3 Rxf3 23. gxf3 Nh4 24. Kf2 Rf8 25. f4 Ng6 26. Bxg6 hxg6 27. Kg3 Bxc3 28.
Bxc3 Bf5 29. Re7 Rf7 30. Re8+ 1/2-1/2

[Event "TCh-FRA Top 12 2017"]
[Site "Chartres FRA"]
[Date "2017.05.24"]
[Round "7.2"]
[Board "7"]
[White "Nezar, Mustapha"]
[Black "Dionisi, Thomas"]
[Result "1/2-1/2"]
[WhiteTitle "IM"]
[BlackTitle "FM"]
[WhiteElo "2354"]
[BlackElo "2392"]
[WhiteTeam "VANDOEUVRE Echecs"]
[BlackTeam "C.E. de BOIS COLOMBES"]
[WhiteFideId "608637"]
[BlackFideId "651893"]
[EventDate "2017.05.18"]

1. d4 f5 2. g3 Nf6 3. Bg2 g6 4. c4 Bg7 5. Nc3 O-O 6. Nh3 d6 7. d5 Na6 8. O-O Nc5
9. Nf4 e5 10. dxe6 c6 11. Be3 Nxe6 12. Nxe6 Bxe6 13. b3 Re8 14. Rc1 Qe7 15. Qd2
a6 16. Rfd1 Rad8 17. Bd4 Bf7 18. Rc2 Rd7 19. Qc1 Ng4 20. Bxg7 Kxg7 21. Qf4 Nf6
22. Rcd2 Red8 23. Qd4 Qe5 24. e3 Qxd4 25. Rxd4 Ne8 26. e4 Be6 27. exf5 Bxf5 28.
Bf3 h5 29. Rf4 Nf6 30. Rfd4 Ne8 31. Kg2 Nc7 32. h4 Ne6 33. R4d2 Kf6 34. Ne2 a5
35. Nc3 Nc5 36. Rd4 Ne6 37. R4d2 Nc5 38. Kg1 Be6 39. Rd4 Bf5 40. Kg2 Ne6 41.
R4d2 Ke5 1/2-1/2

[Event "TCh-FRA Top 12 2017"]
[Site "Chartres FRA"]
[Date "2017.05.24"]
[Round "7.2"]
[Board "8"]
[White "Congiu, Mathilde"]
[Black "Steil-Antoni, Fiona"]
[Result "1/2-1/2"]
[WhiteTitle "WIM"]
[BlackTitle "WIM"]
[WhiteElo "2248"]
[BlackElo "2155"]
[WhiteTeam "C.E. de BOIS COLOMBES"]
[BlackTeam "VANDOEUVRE Echecs"]
[WhiteFideId "634581"]
[BlackFideId "4001249"]
[EventDate "2017.05.18"]

1. e4 c6 2. Ne2 d5 3. e5 c5 4. d4 e6 5. c3 Nc6 6. g3 Nge7 7. Nd2 Nf5 8. Nf3 cxd4
9. cxd4 Bb4+ 10. Bd2 Qa5 11. g4 Bxd2+ 12. Qxd2 Nfe7 13. Qxa5 Nxa5 14. Nc3 Bd7
15. b3 h5 16. g5 a6 17. Rb1 Rc8 18. Kd2 O-O 19. Bd3 Rc7 20. Rhc1 Rfc8 21. Rc2
Nac6 22. a3 Na5 23. Rcc1 g6 24. Rc2 Kg7 25. Rbb2 Kg8 26. Rb1 Kg7 27. Ne2 Be8 28.
Nf4 Bd7 29. Rxc7 Rxc7 30. Bc2 Nac6 31. Rc1 Na7 32. Bb1 Rxc1 33. Kxc1 a5 34. Kb2
b6 35. Ne2 Bb5 36. Nf4 Bd7 37. Ne2 Bb5 38. Nf4 Bd7 39. Bc2 Bc6 40. Nd2 Bd7 41.
Nf3 1/2-1/2

[Event "TCh-FRA Top 12 2017"]
[Site "Chartres FRA"]
[Date "2017.05.24"]
[Round "7.3"]
[Board "4"]
[White "Istratescu, Andrei"]
[Black "Tregubov, Pavel V."]
[Result "1/2-1/2"]
[WhiteTitle "GM"]
[BlackTitle "GM"]
[WhiteElo "2596"]
[BlackElo "2584"]
[WhiteTeam "MULHOUSE Philidor"]
[BlackTeam "CLICHY Echecs 92"]
[WhiteFideId "1200372"]
[BlackFideId "4115341"]
[EventDate "2017.05.18"]

1. e4 c5 2. Nf3 Nc6 3. d4 cxd4 4. Nxd4 Nf6 5. Nc3 e5 6. Ndb5 d6 7. Bg5 a6 8. Na3
b5 9. Nd5 Be7 10. Bxf6 Bxf6 11. c4 b4 12. Nc2 O-O 13. h4 a5 14. g3 Be6 15. Bh3
a4 16. Kf1 b3 17. Nce3 Nd4 18. Kg2 Qb8 19. axb3 Qxb3 20. Qxb3 Nxb3 21. Nc7 Bxh3+
22. Kxh3 Nxa1 23. Nxa8 Nb3 24. Nb6 Nc5 25. Ra1 Nxe4 26. Rxa4 Nxf2+ 27. Kg2 Nd3
28. b4 e4 29. Nd7 Rd8 30. Nxf6+ gxf6 31. b5 Kg7 32. Ra7 f5 33. Nxf5+ Kf6 34. Ne7
Nc5 35. Nd5+ Ke5 36. Nb4 Ke6 37. Nc6 Rc8 38. g4 h6 39. Kg3 Kf6 40. Kf4 Re8 41.
g5+ hxg5+ 42. hxg5+ Kg7 43. Ne7 Rh8 44. Nf5+ Kg6 45. Nxd6 Rh3 46. Nxe4 Rh4+ 47.
Ke5 Nxe4 48. b6 f6+ 49. Kd5 fxg5 50. Kc6 Nf6 51. Ra4 Rh7 52. b7 Nd7 53. c5 Nb8+
54. Kb6 Nd7+ 55. Ka5 Nb8 56. Kb6 Nd7+ 57. Kb5 Nxc5 58. b8=Q Rb7+ 59. Qxb7 Nxb7
60. Rd4 Kf5 61. Rd7 g4 62. Rxb7 g3 63. Kc4 Ke4 64. Kc3 g2 65. Rg7 Kf3 66. Kd2
Kf2 67. Rxg2+ Kxg2 1/2-1/2

[Event "TCh-FRA Top 12 2017"]
[Site "Chartres FRA"]
[Date "2017.05.24"]
[Round "7.3"]
[Board "5"]
[White "Van Wely, Loek"]
[Black "Riff, Jean-Noel"]
[Result "1/2-1/2"]
[WhiteTitle "GM"]
[BlackTitle "GM"]
[WhiteElo "2663"]
[BlackElo "2476"]
[WhiteTeam "CLICHY Echecs 92"]
[BlackTeam "MULHOUSE Philidor"]
[WhiteFideId "1000268"]
[BlackFideId "611190"]
[EventDate "2017.05.18"]

1. d4 Nf6 2. c4 e6 3. Nf3 Bb4+ 4. Nbd2 O-O 5. a3 Be7 6. e4 d5 7. e5 Nfd7 8. Bd3
c5 9. h4 g6 10. h5 cxd4 11. hxg6 fxg6 12. cxd5 Nc5 13. Bb1 exd5 14. b4 Ne6 15.
Nb3 a5 16. b5 Nd7 17. Rxh7 Rxf3 18. Rxe7 Nxe5 19. Rxe6 Bxe6 20. Nxd4 Rxf2 21.
Kxf2 Qh4+ 22. Kg1 Rf8 23. Nxe6 Qf2+ 24. Kh1 Qh4+ 25. Kg1 Qf2+ 26. Kh1 Qh4+ 1/2-1/2

[Event "TCh-FRA Top 12 2017"]
[Site "Chartres FRA"]
[Date "2017.05.24"]
[Round "7.3"]
[Board "6"]
[White "Heimann, Andreas"]
[Black "Hamdouchi, Hicham"]
[Result "1/2-1/2"]
[WhiteTitle "GM"]
[BlackTitle "GM"]
[WhiteElo "2573"]
[BlackElo "2586"]
[WhiteTeam "MULHOUSE Philidor"]
[BlackTeam "CLICHY Echecs 92"]
[WhiteFideId "24624632"]
[BlackFideId "9000011"]
[EventDate "2017.05.18"]

1. e4 e6 2. d4 d5 3. Nc3 dxe4 4. Nxe4 Nd7 5. Nf3 Ngf6 6. Nxf6+ Nxf6 7. Be3 Ng4
8. Qd2 Nxe3 9. Qxe3 Bd6 10. O-O-O Qe7 11. Qe4 Bd7 12. Ne5 O-O-O 13. Ba6 c6 14.
Bc4 Kb8 15. Rd3 Bc8 16. Rhd1 g6 17. R3d2 f6 18. Nf3 e5 19. dxe5 fxe5 20. Qe3
Rhf8 21. Re1 Bg4 22. Nxe5 Qxe5 23. Qxe5 Bxe5 24. Rxe5 Rxd2 25. Kxd2 Rxf2+ 26.
Kc3 Rxg2 27. Re8+ Kc7 28. Re7+ Kb6 29. Rxh7 Bf5 30. Bd3 1/2-1/2

[Event "TCh-FRA Top 12 2017"]
[Site "Chartres FRA"]
[Date "2017.05.24"]
[Round "7.4"]
[Board "8"]
[White "Maisuradze, Nino"]
[Black "Guerlin Dit De Guer, Clarisse"]
[Result "1-0"]
[WhiteTitle "WGM"]
[WhiteElo "2260"]
[BlackElo "1278"]
[WhiteTeam "BISCHWILLER"]
[BlackTeam "Echecs Club MONTPELLIER"]
[WhiteFideId "13601717"]
[BlackFideId "45149500"]
[EventDate "2017.05.18"]

1. d4 e6 2. Nf3 d5 3. Bf4 Nf6 4. e3 Be7 5. Bd3 O-O 6. Nbd2 b6 7. Ne5 Bb7 8. Qf3
c5 9. c3 Nc6 10. Qh3 Nxe5 11. dxe5 Ne4 12. f3 Bh4+ 13. g3 Bg5 14. fxe4 Bxf4 15.
gxf4 g6 16. O-O-O Qe7 17. Rhg1 Rad8 18. Nf3 dxe4 19. Ng5 1-0

[Event "TCh-FRA Top 12 2017"]
[Site "Chartres FRA"]
[Date "2017.05.24"]
[Round "7.6"]
[Board "1"]
[White "Kryvoruchko, Yuriy"]
[Black "Li, Chao b"]
[Result "1/2-1/2"]
[WhiteTitle "GM"]
[BlackTitle "GM"]
[WhiteElo "2714"]
[BlackElo "2722"]
[WhiteTeam "GRASSE Echecs"]
[BlackTeam "NICE Alekhine"]
[WhiteFideId "14109182"]
[BlackFideId "8604436"]
[EventDate "2017.05.18"]

1. e4 e5 2. Nf3 Nf6 3. Nxe5 d6 4. Nf3 Nxe4 5. Nc3 Nxc3 6. dxc3 Be7 7. Be3 Nc6 8.
Qd2 Be6 9. O-O-O Qd7 10. Kb1 a6 11. h4 h6 12. Be2 O-O-O 13. Nd4 Nxd4 14. Bxd4
Rhg8 15. c4 Rde8 16. g3 Bd8 17. b3 Bf5 18. Rhe1 g5 1/2-1/2

[Event "TCh-FRA Top 12 2017"]
[Site "Chartres FRA"]
[Date "2017.05.24"]
[Round "7.6"]
[Board "2"]
[White "Gharamian, Tigran"]
[Black "Kuzubov, Yuriy"]
[Result "1/2-1/2"]
[WhiteTitle "GM"]
[BlackTitle "GM"]
[WhiteElo "2626"]
[BlackElo "2637"]
[WhiteTeam "NICE Alekhine"]
[BlackTeam "GRASSE Echecs"]
[WhiteFideId "13301527"]
[BlackFideId "14112906"]
[EventDate "2017.05.18"]

1. e4 c5 2. Nf3 Nc6 3. Bb5 d6 4. O-O Bd7 5. Re1 Nf6 6. c3 a6 7. Bf1 Bg4 8. h3
Bxf3 9. Qxf3 e6 10. Na3 Be7 11. Nc2 O-O 12. d3 Rc8 13. Bf4 d5 14. e5 Nd7 15. c4
d4 16. Qg4 Kh8 17. Bh2 Qc7 18. Qg3 b5 19. Re4 Qb8 20. b3 Bd8 21. f4 Bc7 22. Rae1
Ne7 23. Qf3 Ba5 24. Rd1 Bc3 25. g4 Nc6 26. Bg2 bxc4 27. dxc4 Nb4 28. Nxb4 cxb4
29. f5 Nc5 30. f6 Rg8 31. fxg7+ Rxg7 32. Rexd4 Bxd4+ 33. Rxd4 Qa7 34. Qf2 h5 35.
Bg3 hxg4 36. hxg4 Kg8 37. Bf3 a5 38. Kg2 a4 39. Qd2 axb3 40. Rd8+ Rxd8 41. Qxd8+
Kh7 42. Qh4+ Kg8 43. Qd8+ Kh7 44. axb3 Qa2+ 45. Bf2 Qxb3 46. Qh4+ Kg8 47. Qd8+
Kh7 48. Bxc5 Qxc4 49. Qh4+ Kg8 50. Qd8+ Kh7 51. Qh4+ Kg8 52. Qd8+ Kh7 53. Qh4+ 1/2-1/2

[Event "TCh-FRA Top 12 2017"]
[Site "Chartres FRA"]
[Date "2017.05.24"]
[Round "7.6"]
[Board "3"]
[White "Areshchenko, Alexander"]
[Black "Stevic, Hrvoje"]
[Result "1/2-1/2"]
[WhiteTitle "GM"]
[BlackTitle "GM"]
[WhiteElo "2677"]
[BlackElo "2600"]
[WhiteTeam "GRASSE Echecs"]
[BlackTeam "NICE Alekhine"]
[WhiteFideId "14109530"]
[BlackFideId "14502569"]
[EventDate "2017.05.18"]

1. e4 e5 2. Nf3 Nc6 3. Bc4 Nf6 4. d3 Be7 5. O-O O-O 6. h3 d6 7. a3 Be6 8. Re1
Qd7 9. Bxe6 Qxe6 10. c4 h6 11. Nc3 Nh7 12. b4 Ng5 13. Nxg5 Bxg5 14. Bxg5 hxg5
15. Nd5 Rfc8 16. Rb1 1/2-1/2

[Event "TCh-FRA Top 12 2017"]
[Site "Chartres FRA"]
[Date "2017.05.24"]
[Round "7.6"]
[Board "4"]
[White "Wagner, Dennis"]
[Black "Dorfman, Iossif"]
[Result "1/2-1/2"]
[WhiteTitle "GM"]
[BlackTitle "GM"]
[WhiteElo "2571"]
[BlackElo "2560"]
[WhiteTeam "NICE Alekhine"]
[BlackTeam "GRASSE Echecs"]
[WhiteFideId "24650684"]
[BlackFideId "604011"]
[EventDate "2017.05.18"]

1. Nf3 d5 2. g3 Bg4 3. Bg2 e6 4. O-O Nd7 5. d3 Bd6 6. c4 Ne7 7. cxd5 exd5 8. Nc3
c6 9. h3 Bxf3 10. Bxf3 O-O 11. Bg2 Nc5 12. b4 Ne6 13. Rb1 a6 14. Bd2 Kh8 15. Na4
b5 16. Nc3 a5 17. a3 axb4 18. axb4 Ra3 19. Qc1 Ra6 20. e4 dxe4 21. dxe4 Bb8 22.
Rd1 Ba7 23. Be3 Qb8 24. Rd7 Nc8 25. Bxa7 Rxa7 26. Qd2 Nb6 27. Rxa7 Qxa7 28. Qe3
Qb8 29. Bf1 Rd8 30. Rd1 h6 31. h4 Rxd1 32. Nxd1 Nd7 33. Nb2 Ne5 34. Nd3 Nc4 35.
Qf3 1/2-1/2